Régimen jurídico de los bienes familiares

محفوظ في:
التفاصيل البيبلوغرافية
المؤلف الرئيسي: Rosso Elorriaga, Gian Franco (مؤلف)
التنسيق: كتاب
اللغة:الإسبانية
منشور في: Santiago Metropolitana Ediciones 1998
الموضوعات:
الوسوم: إضافة وسم
لا توجد وسوم, كن أول من يضع وسما على هذه التسجيلة!

MARC

LEADER 00000nam a2200000 a 4500
001 UCP0699
003 CL-VaPUC
008 990319e19980000CL |||||||||||||||||spa|d
082 0 4 |a 346.015  |b ROS  |2 21 
100 0 |a Rosso Elorriaga, Gian Franco  |e author  |9 426148 
245 1 0 |a Régimen jurídico de los bienes familiares 
300 |a 306 p 
942 |c BK 
945 |d 19990319 00:00:00  |a aarredon 
260 |a Santiago  |b Metropolitana Ediciones  |c 1998 
650 0 |a Derecho de familia  |9 255603 
650 0 |a Derecho privado  |9 258243 
650 0 |a Familias   |9 255641 
650 0 |a Aspectos jurídicos  |9 328188 
650 7 |a BIENES FAMILIARES  |2 CL-VaPUC  |9 392398 
650 7 |a PATRIMONIO FAMILIAR  |2 CL-VaPUC  |9 426150 
650 7 |a MATRIMONIO  |2 CL-VaPUC  |9 426151 
650 7 |a REGIMEN MATRIMONIAL  |2 CL-VaPUC  |9 367270 
583 |a last modification  |c 19990319 00:00:00  |k Rodrigo Vera 
999 |c 279451  |d 279449 
952 |0 0  |1 0  |4 0  |6 346_015000000000000_ROS_1998  |7 0  |8 A  |9 318969  |a BIBDER  |b BIBDER  |d 2019-11-20  |i 3505375  |l 1  |m 5  |o 346.015 ROS 1998  |p 3505375  |q 2025-12-31  |r 2020-03-04  |s 2020-03-04  |w 2019-11-20  |y BK  |k DER 
952 |0 0  |1 0  |4 0  |6 346_015000000000000_ROS_1998  |7 0  |8 A  |9 318970  |a BIBDER  |b BIBDER  |d 2019-11-20  |i 3498166  |l 2  |m 6  |o 346.015 ROS 1998  |p 3498166  |r 2024-10-01  |s 2023-11-03  |w 2019-11-20  |y BK  |k DER